Tuez les rois - Statistiques

Statistiques générales
  • Ce quiz a été pris 122 fois
    109 depuis la dernière actualisation
  • Le résultat moyen est 7 sur 16
Answers on the Grid
Answers color-coded by a green-red scale on the quiz's grid according to % correct below.
Brodulf
Charlemagne
Charles IX
Charles le Mauvais
Charles Martel
Charles Quint
Christiano Ronaldo
Édouard III
François II
Henri III
Hugues Capet
Innocent IV
Jacques II
Jean sans terre
Jeanne d'Arc
Jules César
Laurent Ier
le Roi-Soleil
Lothaire
Louis XII
Louis XVI
Louis XX
Marie-Antoinette
Pépin le Bref
Philippe le Bel
Philippe VI
Raoul
Robert Ier
le Roi-Sorcier
Thierry IV
Henri de Bourbon-Navarre
Emmanuel Macron
 
Statistiques - réponses
Réponse % Correct
Louis XVI
76%
le Roi-Soleil
59%
Hugues Capet
56%
Charlemagne
55%
Pépin le Bref
49%
Philippe le Bel
49%
Henri III
48%
Louis XII
48%
Charles IX
42%
François II
39%
Philippe VI
38%
Lothaire
31%
Robert Ier
28%
Henri de Bourbon-Navarre
27%
Thierry IV
24%
Raoul
21%
Aucun quiz correspondant
Distribution des résultats
% des personnes avec chaque résultat
Percentile par nombre de réponses
Votre historique - résultats
Vous n’avez pas pris ce quiz depuis la dernière actualisation